Les 89 Pokémon de la Huitième Génération - Statistiques

Statistiques générales
  • Ce quiz a été pris 46 fois
  • Le résultat moyen est 78 sur 89
Statistiques - réponses
# Nom % Correct
810 Ouistempo
100%
811 Badabouin
97%
813 Flambino
97%
814 Lapyro
97%
816 Larméléon
97%
826 Astronelle
94%
822 Bleuseille
94%
825 Coléodôme
94%
823 Corvaillus
94%
890 Éthernatos
94%
812 Gorythmic
94%
862 Ixon
94%
824 Larvadar
94%
821 Minisange
94%
832 Moumouflon
94%
831 Moumouton
94%
865 Palarticho
94%
815 Pyrobut
94%
828 Roublenard
94%
829 Tournicoton
94%
888 Zacian
94%
889 Zamazenta
94%
817 Arrozard
90%
830 Blancoton
90%
884 Duralugon
90%
827 Goupilou
90%
850 Grillepattes
90%
833 Khélocrok
90%
818 Lézargus
90%
866 M. Glaquette
90%
892 Shifours
90%
834 Torgamord
90%
861 Angoliath
87%
875 Bekaglaçon
87%
863 Berserkatt
87%
856 BIbichut
87%
896 Blizzeval
87%
857 Chapotus
87%
837 Charbi
87%
869 Charmilly
87%
864 Corayôme
87%
868 Crèmy
87%
886 Dispareptil
87%
874 Dolman
87%
846 Embrochet
87%
885 Fantyrm
87%
836 Fulgudog
87%
859 Grimalin
87%
847 Hastacuda
87%
870 Hexadron
87%
887 Lanssorien
87%
839 Monthracite
87%
845 Nigosier
87%
819 Rongourmand
87%
820 Rongrigou
87%
849 Salarsen
87%
851 Scolocendre
87%
858 Sorcilence
87%
897 Spectreval
87%
898 Sylveroy
87%
848 Toxizap
87%
835 Voltoutou
87%
838 Wagomine
87%
871 Wattapik
87%
891 Wushours
87%
844 Dunaconda
84%
843 Dunaja
84%
860 Fourbelin
84%
883 Hydragla
84%
882 Hydragon
84%
877 Morpeko
84%
879 Pachyradjah
84%
895 Regidrago
84%
894 Regieleki
84%
867 Tutétékri
84%
873 Beldeneige
81%
878 Charibari
81%
842 Dratatin
81%
872 Frissonille
81%
881 Galvagla
81%
880 Galvagon
81%
841 Pomdrapi
81%
876 Wimessir
81%
893 Zarude
81%
852 Poulpaf
77%
840 Verpom
77%
853 Krakos
74%
855 Polthégeist
71%
854 Théffroi
71%
Aucun quiz correspondant
Distribution des résultats
% des personnes avec chaque résultat
Percentile par nombre de réponses
Votre historique - résultats
Vous n’avez pas pris ce quiz